Herder anniversary celebrated in Weimar

Titel: Herder anniversary celebrated in Weimar / Kurt Horn
Verfasser:
Ausgabe: Oxford
Veröffentlicht: 1954
Umfang: S. 297 - 299
Format: Buch
Sprache: Englisch
Kein Bild verfügbar
X
Lokale Klassifikation: Her 6
alg: 11417336
001A    $03004:08-10-03 
001B    $01999:20-11-16 $t23:38:29.000 
001C    $06002:02-03-06 $t22:36:45.000 
001D    $03004:08-10-03 
001U    $0utf8 
001X    $00 
002@    $0Aau 
003@    $0114173362 
003O    $0175172158 $aOCoLC 
007A    $0114173362 $aHEB 
007T    $0Herdhh114173362 
010@    $aeng 
011@    $a1954 
013H    $0z 
021A    $aHerder anniversary celebrated in Weimar $hKurt Horn 
028A    $#Horn, Curt $7 $8Horn, Kurt [Tnd] $9140804749 
032@    $aOxford 
034D    $aS. 297 - 299 
046R    $aAus: German life and letters ; 7.1953/54 

lok: 11417336 24
101B    $008-10-03 $t09:09:13.000 
101C    $008-10-03 
145Z/01 $aHer 6 
101U    $0utf8 

exp: 11417336 24 1 #EPN
201B/01 $008-10-03 $t09:09:13.000 
201C/01 $008-10-03 
203@/01 $0188977554 
208@/01 $a08-10-03 $br 
209A/01 $aHer VI,58 $du $f050 $hHer 6 58 $x00 
209C/01 $a2228 G 55 $h55 2228 G 
209G/01 $a70660164 $x00 
247C/01 $8358050-7 Marburg, Bibliothek des Herder-Instituts Marburg $9102600961 
201U/01 $0utf8 

lok: 11417336 78

exp: 11417336 78 1 #EPN
201B/01 $019-04-17 $t19:17:53.000 
201U/01 $0utf8 
203@/01 $0793715458 
208@/01 $a12-11-16 $be 
209A/01 $a/ $f000 $x00 
220C/01 $aAnmerkung: *11 
237A/01 $aweiterführende Signatur(en): Herder-Institut: Her VI,58 
247C/01 $82080>Marburg/Lahn, Herder-Institut, Forschungsbibliothek, Bibliographieportal $9336309341
LEADER 00000cam a2200000 c 4500
001 114173362
003 DE-603
005 20161120233829.0
007 tu
008 031008s1954 xx |||| | u00||u|eng c
035 |a (DE-599)HEB114173362 
035 |a (OCoLC)175172158 
040 |a DE-603  |b ger  |c DE-603  |d DE-603 
041 |a eng 
100 1 |a Horn, Kurt  |0 (DE-603)140804749 
245 0 0 |a Herder anniversary celebrated in Weimar  |c Kurt Horn 
250 |a Oxford 
264 0 |c 1954 
300 |a S. 297 - 299 
500 |a Aus: German life and letters ; 7.1953/54 
924 0 |9 Mb 50  |a (DE-603)188977554  |b DE-Mb50  |c HES  |d c  |g Her VI,58 
924 0 |9 2080  |a (DE-603)793715458  |b DE-2080  |c HES  |d d  |g /